000 00602nam a2200229 a 4500
003 AR-BaBNM
005 20251128202745.0
008 082120s2002 ||||||||||||||000 | spa||
040 _cAR-BaBNM
100 1 _aLovèce, Galo
245 0 0 _aAlegría de naúfrago
260 _aNew York
_bEl maitén
_c1981
300 _ap. om.
490 0 _aCuadernos de poesía y prosa de América y España
_vv. 4
650 4 _aLITERATURA LATINOAMERICANA
650 4 _aPOESIA
650 4 _aLITERATURA CONTEMPORANEA
655 _aLITERATURA
800 1 _aLovèce, Galo
_edirector
942 _cBK
998 _cMARTIN
999 _c426
_d426